LIBRARY & INFORMATION CENTRE, KCAET, TAVANUR

ONLINE PUBLIC ACCESS CATALOGUE (OPAC)

GIS Integrated site -specific Fertigation Recommendations for Instructional farm , KCAET .Tavanur (Record no. 17489)

MARC details
000 -LEADER
fixed length control field 00448nam a22001457a 4500
003 - CONTROL NUMBER IDENTIFIER
control field OSt
082 ## - DEWEY DECIMAL CLASSIFICATION NUMBER
Classification number 631.587
Item number SUB/GI
088 ## - REPORT NUMBER
Report number T 530
100 ## - MAIN ENTRY--AUTHOR NAME
Personal name Subhasree, N
245 ## - TITLE STATEMENT
Title GIS Integrated site -specific Fertigation Recommendations for Instructional farm , KCAET .Tavanur
260 ## - PUBLICATION, DISTRIBUTION, ETC. (IMPRINT)
Place of publication KCAET , Tavanur
Name of publisher Department of irrigation and Drainage engineering
Year of publication 2021
300 ## - PHYSICAL DESCRIPTION
Number of Pages 84 pages
700 ## - ADDED ENTRY--PERSONAL NAME
Personal name Sajeena , guide
942 ## - ADDED ENTRY ELEMENTS (KOHA)
Koha item type Theses
Holdings
Home library Current library Shelving location Full call number Accession Number Koha item type Public note
KAUAET KAUAET Reference 631.587 SUB/GI T 530 Theses M.Tech Thesis
free website counter